Waidmännische Begriffe - Statistiken

Allgemein
  • Dieses Quiz wurde 34 mal gespielt
  • Das Durchschnittsergebnis liegt bei 7 aus 15
Antwortstatistiken
Hint Antwort % Korrekt
Behausung von Greifvögeln Horst
100%
Nachwuchs des Wildschweins Frischling
87%
Männliches Wildschwein Keiler
87%
Weibliches Wildschwein Bache
73%
Weibliches Reh Ricke
70%
Gruppe von Wildschweinen Rotte
63%
Wechsel des Federkleids bei Vögeln Mauser
60%
Schwanz des Hasen Blume
47%
Füchsin Fähe
43%
Schwanz des Fuchses Lunte
23%
Wildpfad, der regelmäßig genutzt wird Wechsel
23%
Wildtiere, die früher dem Adel vorbehalten waren Hochwild
20%
Flugunfähiger Vogel im Nest Nestling
17%
Lockmittel für die Jagd Luder
10%
Schwanzfedern bei Vögeln Stoß
7%
Keine übereinstimmenden Quizze gefunden
Verteilung der Resultate
Anzahl Personen mit jedem Resultat
Perzentil nach korrekt beantworteten Fragen
Ihre Resultats-Entwicklung
Sie haben dieses Quiz noch nicht gespielt